000 00852nam a2200277 i 4500
003 EG-GICUC
005 20260330210018.0
008 260330b1969 le ||||fr|||| 000 0 eng d
040 _aEG-GiCUC
_beng
_cEG-GiCUC
_dEG-GiCUC
_erda
082 0 4 _221
_a341.33
_bFA . Z
092 0 4 _221
099 _aLaw1 11 341.33 FA . Z 1969
100 0 _aFayez a. Sayegh
_eAuthor.
245 1 4 _aThe Zionist Diplomacy /
_cFayez a. Sayegh.
264 1 _aBeirut :
_bPalestine Research Center,
_c1969.
300 _a160 pages :
_billustrations,
_c24 cm
336 _2rda content
_atext
337 _2rda media
_aComputer
338 _2rda carrier
_aOnline Resource
546 _aText in English
650 1 4 _aPublic international law
_2
651 1 _2
856 4 0 _uhttps://fll.law.cu.edu.eg/fulltext/bks/B11-08546.pdf
905 _a50
942 _2ddc
_cBK
_e21
_n0
999 _c67596
_d67596